| 000 | 00507nam a2200181Ia 4500 | ||
|---|---|---|---|
| 001 | 4508 | ||
| 005 | 20260306145801.0 | ||
| 008 | 260306t2005||||xx |||||||||||||| ||spa|| | ||
| 041 | _aESP | ||
| 082 |
_a323.443 _bI59 |
||
| 100 |
_aInstituto Interamericano de Derechos Humanos _eAUT |
||
| 245 | 0 | _aEl estado de libertad de expresión en Centroamérica, México y República Dominicana | |
| 260 | _c2005 | ||
| 300 |
_a400 páginas : _c21 cm. |
||
| 650 | _aGEN | ||
| 654 | _aCHU | ||
| 942 |
_cLIB _dJUS _fJUS _2ddc _n |
||
| 999 |
_c4508 _d4508 |
||